পুণ্যভূমি কাবার পথে / (Record no. 31985)

MARC details
000 -LEADER
fixed length control field 00895nam a22002057a 4500
003 - CONTROL NUMBER IDENTIFIER
control field BDDh-ASL
005 - DATE AND TIME OF LATEST TRANSACTION
control field 20231015031334.0
008 - FIXED-LENGTH DATA ELEMENTS--GENERAL INFORMATION
fixed length control field 201108s2018 b ||||| |||| 00| 0 b d
040 ## - CATALOGING SOURCE
Original cataloging agency BDDh-ASL
Transcribing agency BDDh-ASL
041 ## - LANGUAGE CODE
Language code of text/sound track or separate title bengali
082 ## - DEWEY DECIMAL CLASSIFICATION NUMBER
Classification number 297
Item number CHP
100 1# - MAIN ENTRY--PERSONAL NAME
Personal name চৌধুরী, আহমেদ আমিন
9 (RLIN) 1397
245 10 - TITLE STATEMENT
Title পুণ্যভূমি কাবার পথে /
246 ## - VARYING FORM OF TITLE
Title proper/short title Punnobhumi Kabar Pothe.
260 ## - PUBLICATION, DISTRIBUTION, ETC.
Place of publication, distribution, etc. ঢাকা:
Name of publisher, distributor, etc. খোশরোজ কিতাব মহল লিঃ,
Date of publication, distribution, etc. ২০১৮।
300 ## - PHYSICAL DESCRIPTION
Extent ১২৬ পৃষ্ঠা, :
Dimensions ২২ সে. মি.
504 ## - BIBLIOGRAPHY, ETC. NOTE
Bibliography, etc. note গ্রন্থপঞ্জি সংযুক্ত ।
650 #0 - SUBJECT ADDED ENTRY--TOPICAL TERM
Topical term or geographic name entry element ইসলাম ধর্ম , Isalāma dharma, Islam, Religion, Mohammedism, Mohammadan, Mohammedan, Muhammadan, Islamic Relition, Peace
9 (RLIN) 747
General subdivision কাবা শরীফ
942 ## - ADDED ENTRY ELEMENTS (KOHA)
Source of classification or shelving scheme Dewey Decimal Classification
Koha item type Books
Holdings
Withdrawn status Lost status Source of classification or shelving scheme Damaged status Not for loan Collection code Home library Current library Shelving location Date acquired Source of acquisition Total Checkouts Full call number Barcode Date last seen Copy number Price effective from Koha item type Public note
    Dewey Decimal Classification     Non-fiction Asiatic Society Library Asiatic Society Library General Stacks 04/17/2023 Complimentary   297 CHP 120760 04/17/2023 C-1 04/17/2023 Books Y-2018
    Dewey Decimal Classification     Non-fiction Asiatic Society Library Asiatic Society Library General Stacks 04/17/2023 Complimentary   297 CHP 120761 04/17/2023 C-2 04/17/2023 Books Y-2018

Powered by Koha